|
|
|
|
| LEADER |
00000cam a2200000 a 4500 |
| 001 |
vtls010265954 |
| 003 |
SK-MaSNL |
| 005 |
20260302011659.0 |
| 008 |
240318s2010 xo dl g 000 0 slo |
| 015 |
|
|
|a SNBA2011/06-03165
|
| 020 |
|
|
|a 9788081052040
|q (brož.)
|
| 035 |
|
|
|a 03F146DD-79AE-4887-9617-20287353987F
|
| 035 |
|
|
|a urn:nbn:sk:snk-amjhcc
|
| 035 |
|
|
|a urn:nbn:sk:snk-am001seq
|
| 040 |
|
|
|a SNK
|b slo
|c SNK
|e AACR2
|
| 041 |
0 |
|
|a slo
|
| 044 |
|
|
|a xo
|c SK
|
| 072 |
|
7 |
|a 004.7
|x Počítačové siete
|2 konspekt
|
| 072 |
|
7 |
|a 316.4/.7
|x Sociálne interakcie
|2 konspekt
|
| 080 |
|
|
|a 004.738.5:316.472.4
|2 2001
|
| 080 |
|
|
|a 658.8:316.77
|2 2001
|
| 080 |
|
|
|a 658.8.005
|2 2001
|
| 080 |
|
|
|a (035)
|2 2001
|
| 100 |
1 |
|
|a Bednárik, Jaroslav,
|d 1961-
|4 aut
|9 196388
|
| 245 |
1 |
0 |
|a Mikroblogovacia služba Twitter a jej využitie v marketingovej praxi
|c Jaroslav Bednárik, Peter Murár, Anna Štefančiková
|
| 250 |
|
|
|a 1. vyd.
|
| 260 |
|
|
|a Trnava
|b Univerzita sv. Cyrila a Metoda
|c 2010
|
| 300 |
|
|
|a 97 s.
|b grafy, sch., tab.
|c 19 cm
|
| 366 |
|
|
|e 50 výt.
|
| 504 |
|
|
|a Bibliogr. s. 96-97
|
| 650 |
0 |
7 |
|a internetové sociálne siete
|2 SNKPH
|9 107803
|
| 650 |
0 |
7 |
|a marketingová komunikácia
|2 SNKPH
|9 2300
|
| 650 |
0 |
7 |
|a marketingový manažment
|2 SNKPH
|9 1715
|
| 650 |
0 |
7 |
|a Internet social networks
|2 SNKPHeng
|9 326974
|
| 650 |
0 |
7 |
|a Communication in marketing
|2 SNKPHeng
|9 265704
|
| 650 |
0 |
7 |
|a Marketing management
|2 SNKPHeng
|9 275329
|
| 650 |
0 |
7 |
|a Twitter
|2 SNKPH
|9 132067
|
| 655 |
|
7 |
|a príručky
|2 SNKPH
|9 74364
|
| 655 |
|
7 |
|a Handbooks, manuals, etc.
|2 SNKPHeng
|9 90964
|
| 700 |
1 |
|
|a Murár, Peter,
|d 1978-
|4 aut
|9 97838
|
| 700 |
1 |
|
|a Štefančiková, Anna
|4 aut
|9 335785
|
| 710 |
2 |
|
|a Univerzita sv. Cyrila a Metoda v Trnave.
|b Fakulta masmediálnej komunikácie
|4 pbl
|9 53921
|
| 852 |
|
|
|a Štátna vedecká knižnica v Banskej Bystrici
|
| 919 |
|
|
|a 978-80-8105-204-0
|
| 958 |
|
|
|a NB
|
| 958 |
|
|
|a OND
|
| 968 |
|
|
|d 0
|
| 999 |
|
|
|c 1007016
|d 1008946
|
| 952 |
|
|
|a SNK
|b SNK
|y PREZ
|7 0
|p 17A0691432
|o snkSC 144627
|i snk2011/6703
|8 0
|0 0
|1 0
|4 0
|d 2011-03-23
|l 0
|r 2025-07-14 00:00:00
|w 2026-02-24
|
| 952 |
|
|
|a SNK
|b SNK
|y VYP
|7 0
|p 17A0691433
|o snkSC 144627 D1
|i snk2011/6704
|8 0
|0 0
|1 0
|4 0
|d 2011-03-23
|l 0
|r 2026-02-24 12:39:37
|w 2026-02-24
|